000 00735cam a22002414a 4500
001 728861
005 20171218065939.0
008 981204s1999 cau bf 001 0 eng
010 _a 98052148
020 _a1556433131 (alk. paper)
040 _aDLC
_cDLC
_dDLC
041 _aeng
042 _apcc
080 _a616.3623 DOL
082 0 0 _a616.3623 DOL
_221
100 1 _a3
101 _aSHM
245 1 4 _aThe hepatitis C handbook /
_cMatthew Dolan.
504 _aIncludes bibliographical references and index.
906 _a7
_bcbc
_corignew
_d1
_eocip
_f19
_gy-gencatlg
942 _2ddc
_cBK
999 _c39069
_d39069